Dynamics reported : (Record no. 4777)

MARC details
000 -LEADER
fixed length control field 01225nac a22003491i 4500
003 - CONTROL NUMBER IDENTIFIER
control field EG-ScBUE
005 - DATE AND TIME OF LATEST TRANSACTION
control field 20241017104507.0
008 - FIXED-LENGTH DATA ELEMENTS--GENERAL INFORMATION
fixed length control field 241017t1995 gw a f b 000 0 eng d
020 ## - INTERNATIONAL STANDARD BOOK NUMBER
International Standard Book Number 354058391
020 ## - INTERNATIONAL STANDARD BOOK NUMBER
International Standard Book Number 9783540583912
035 ## - SYSTEM CONTROL NUMBER
System control number (OCoLC)ocm18386786
040 ## - CATALOGING SOURCE
Original cataloging agency EG-ScBUE
Language of cataloging eng
Description conventions rda
Transcribing agency EG-ScBUE
Modifying agency EG-ScBUE
082 04 - DEWEY DECIMAL CLASSIFICATION NUMBER
Classification number 515.352
Edition number 22
Item number DYN
245 00 - TITLE STATEMENT
Title Dynamics reported :
Remainder of title expositions in dynamical systems /
Statement of responsibility, etc C.K.R.T. Jones, U. Kirchgraber, H.O. Walther, managing editors ; with contributions of A.M. Blokh [and five others]
246 30 - VARYING FORM OF TITLE
Title proper/short title Expositions in Dynamical Systems
264 #1 - PUBLICATION, DISTRIBUTION, ETC. (IMPRINT)
Place of publication, distribution, etc Berlin :
Name of publisher, distributor, etc Springer-Verlag,
Date of publication, distribution, etc [1995]
264 #4 - PUBLICATION, DISTRIBUTION, ETC. (IMPRINT)
Date of publication, distribution, etc c1995
300 ## - PHYSICAL DESCRIPTION
Extent ix, 269 pages:
Other physical details illustrations ;
Dimensions 24 cm.
336 ## - CONTENT TYPE
Source rdacontent
Content type term text
Content type code txt
337 ## - MEDIA TYPE
Media type term unmediated
Source rdamedia
Media type code n
338 ## - CARRIER TYPE
Carrier type term volume
Carrier type code nc
Source rdacarrier
490 0# - SERIES STATEMENT
Series statement New series ;
Volume number/sequential designation volume 4
500 ## - GENERAL NOTE
General note Includes appendix.<br/>
504 ## - BIBLIOGRAPHY, ETC. NOTE
Bibliography, etc Includes bibliographical references.
650 #7 - SUBJECT ADDED ENTRY--TOPICAL TERM
Topical term or geographic name as entry element Differentiable dynamical systems.
Source of heading or term BUEsh
655 ## - INDEX TERM--GENRE/FORM
Form subdivision Reading book
700 1# - ADDED ENTRY--PERSONAL NAME
Personal name Jones, C.K.R.T.,
Relator term editor.
700 1# - ADDED ENTRY--PERSONAL NAME
Personal name Kirchgraber, U.,
Relator term editor.
700 1# - ADDED ENTRY--PERSONAL NAME
Personal name Walther, H.O.,
Relator term editor.
700 1# - ADDED ENTRY--PERSONAL NAME
Personal name Blokh, A.M.,
Relator term contributer.
942 ## - ADDED ENTRY ELEMENTS (KOHA)
Koha item type Book - Borrowing
Source of classification or shelving scheme Dewey Decimal Classification
Holdings
Withdrawn status Lost status Source of classification or shelving scheme Damaged status Not for loan Collection code Home library Current library Shelving location Date acquired Source of acquisition Total Checkouts Full call number Barcode Date last seen Price effective from Koha item type
    Dewey Decimal Classification     Alahram Central Library Central Library First floor 19/09/2007 Purchase   515.352 DYN 000005831 15/07/2025 19/09/2007 Book - Borrowing